000 00920nam a22002657a 4500
001 39733
003 UA-OsUOA
005 20201219150501.0
007 ta
008 20080516b un ||||| |||| 00| 0 ukr d
020 _a966-02-4121-6
040 _aUA-OsUOA
_bukr
_cUA-OsUOA
_dUA-OsUOA
041 _aukr
080 _a94(477).07
090 _a94(477).07
_bР12
100 _aРабенчук О.
245 _aРобітничо-селянська інспекція і культурне життя в Радянській Україні (1920-1934 рр.)
260 _aК.
_bІнститут історії України
_c2006
300 _a247 с.
650 7 _a9 Географія. Біографії. Історія
_2UDC
942 _cBK
_2udc
955 _a1
999 _c438242
_d438242